Myšlenkové mapy v byznysu revoluce ve vaší práci a podnikání
Na minha lista:
| Autor principal: | |
|---|---|
| Outros Autores: | , , |
| Formato: | Livro |
| Idioma: | tcheco |
| Publicado em: |
Brno
Computer Press
2011
|
| Assuntos: | |
| Tags: |
Sem tags, seja o primeiro a adicionar uma tag!
|
MARC
| LEADER | 00000nam a2200000 4500 | ||
|---|---|---|---|
| 001 | 0150409 | ||
| 005 | 20240313090140.5 | ||
| 020 | |a 978-80-251-3162-6 | ||
| 041 | 0 | |a cze | |
| 044 | |a CZ | ||
| 245 | 1 | 0 | |a Myšlenkové mapy v byznysu |b revoluce ve vaší práci a podnikání |c Tony Buzan s Chrisem Griffithsem a Jamesem Harrisonem, konzultujícím redaktorem |
| 264 | 1 | |a Brno |b Computer Press |c 2011 | |
| 300 | |a 253 s. | ||
| 610 | 2 | 0 | |a podnikanie |
| 610 | 2 | 0 | |a postupy pracovné |
| 610 | 2 | 0 | |a vedenie ľudí |
| 610 | 2 | 0 | |a riadenie podnikové |
| 610 | 2 | 0 | |a efektívnosť práce |
| 610 | 2 | 0 | |a myslenie ekonomické |
| 610 | 2 | 0 | |a organizácia času |
| 610 | 2 | 0 | |a riadenie projektové |
| 610 | 2 | 0 | |a stratégia podnikateľská |
| 100 | 1 | |a Buzan, Tony | |
| 700 | 1 | |a Griffiths, Chris | |
| 700 | 1 | |a Harrison, James | |
| 700 | 1 | |a Kašpárek, Michal | |